Recept na úspech: Značka musí byť zábavná

Najhodnotnejšie značky sveta. Koniec budovania imidžu značky prostredníctvom masmédií .Hľadanie nových reklamných kanálov. Nová generácia značiek. Snaha urobiť značku zábavnou.

Guardado en:
Detalles Bibliográficos
Autor principal: Zverková, Soňa
Formato: Capítulo de libro
Lenguaje:eslovaco
Materias:
Etiquetas: Agregar Etiqueta
Sin Etiquetas, Sea el primero en etiquetar este registro!

MARC

LEADER 00000naa$a2200000$$$4500
001 0031978
005 20231004130222.1
041 0 |a slo 
044 |a SK 
245 1 0 |a Recept na úspech: Značka musí byť zábavná  |c Soňa Zverková 
520 |a Najhodnotnejšie značky sveta. Koniec budovania imidžu značky prostredníctvom masmédií .Hľadanie nových reklamných kanálov. Nová generácia značiek. Snaha urobiť značku zábavnou. 
610 2 0 |a značky výrobkov 
610 2 0 |a reklama 
610 2 0 |a marketing 
610 2 0 |a médiá 
610 2 0 |a spotrebitelia 
100 1 |a Zverková, Soňa